[Event "PK Jeugd 2020 C-Open"]
[Site "Eindhoven, Netherlands"]
[Date "????.??.??"]
[Round "1.1"]
[White "Thijssen, Freek"]
[Black "Prevoo, Joshua"]
[Result "0-1"]
[WhiteElo "784"]
[BlackElo "1233"]

1. e4 {[%clk 00:55:18]} {[%emt 00:00:01]} d5 {[%clk 00:55:16]} {[%emt
00:00:04]} 2. exd5 {[%clk 00:55:09]} {[%emt 00:00:20]} Nf6 {[%clk 00:55:20]}
{[%emt 00:00:05]} 3. d4 {[%clk 00:54:58]} {[%emt 00:00:21]} Nxd5 {[%clk
00:55:22]} {[%emt 00:00:09]} 4. c4 {[%clk 00:54:45]} {[%emt 00:00:23]} Nf6
{[%clk 00:55:13]} {[%emt 00:00:18]} 5. Nc3 {[%clk 00:54:36]} {[%emt 00:00:20]}
e6 {[%clk 00:54:21]} {[%emt 00:01:02]} 6. Nf3 {[%clk 00:54:09]} {[%emt
00:00:37]} Be7 {[%clk 00:54:00]} {[%emt 00:00:31]} 7. Be2 {[%clk 00:53:20]}
{[%emt 00:01:00]} O-O {[%clk 00:53:14]} {[%emt 00:00:56]} 8. O-O {[%clk
00:53:11]} {[%emt 00:00:18]} b6 {[%clk 00:51:48]} {[%emt 00:01:37]} 9. Bf4
{[%clk 00:52:53]} {[%emt 00:00:26]} Bb7 {[%clk 00:50:31]} {[%emt 00:01:27]} 10.
Nb5 {[%clk 00:52:31]} {[%emt 00:00:32]} Bd6 {[%clk 00:50:25]} {[%emt 00:00:17]}
11. Bxd6 {[%clk 00:50:57]} {[%emt 00:01:44]} cxd6 {[%clk 00:50:24]} {[%emt
00:00:12]} 12. Bd3 {[%clk 00:50:40]} {[%emt 00:00:26]} a6 {[%clk 00:48:23]}
{[%emt 00:02:11]} 13. Nc3 {[%clk 00:50:25]} {[%emt 00:00:25]} Nbd7 {[%clk
00:47:03]} {[%emt 00:01:30]} 14. Nd2 {[%clk 00:49:43]} {[%emt 00:00:51]} d5
{[%clk 00:46:45]} {[%emt 00:00:29]} 15. b3 {[%clk 00:49:10]} {[%emt 00:00:43]}
Qc7 {[%clk 00:45:23]} {[%emt 00:01:31]} 16. h3 {[%clk 00:48:09]} {[%emt
00:01:12]} dxc4 {[%clk 00:43:57]} {[%emt 00:01:37]} 17. bxc4 {[%clk 00:47:53]}
{[%emt 00:00:25]} Qc6 {[%clk 00:43:05]} {[%emt 00:01:02]} 18. Nf3 {[%clk
00:47:17]} {[%emt 00:00:45]} b5 {[%clk 00:42:38]} {[%emt 00:00:37]} 19. c5
{[%clk 00:46:29]} {[%emt 00:00:58]} Nd5 {[%emt 00:01:01]} 20. Ne4 {[%clk
00:45:59]} {[%emt 00:00:10]} N7f6 {[%clk 00:39:31]} {[%emt 00:02:56]} 21. Ne5
{[%clk 00:45:30]} {[%emt 00:00:39]} Qc7 {[%clk 00:36:43]} {[%emt 00:02:51]} 22.
Nd6 {[%clk 00:44:23]} {[%emt 00:01:25]} Nf4 {[%clk 00:35:22]} {[%emt 00:01:30]}
23. f3 {[%clk 00:43:09]} {[%emt 00:01:24]} N6d5 {[%clk 00:31:50]} {[%emt
00:03:43]} 24. Qb3 {[%clk 00:41:14]} {[%emt 00:02:05]} Bc6 {[%clk 00:25:22]}
{[%emt 00:06:37]} 25. Be4 {[%clk 00:39:27]} {[%emt 00:01:57]} f5 {[%emt
00:02:28]} 26. Bc2 {[%clk 00:37:31]} {[%emt 00:00:19]} Kh8 {[%clk 00:22:14]}
{[%emt 00:02:47]} 27. Kh2 {[%clk 00:36:05]} {[%emt 00:01:37]} Rab8 {[%clk
00:20:28]} {[%emt 00:01:56]} 28. Rae1 {[%clk 00:35:00]} {[%emt 00:01:15]} a5
{[%clk 00:19:19]} {[%emt 00:01:19]} 29. Rg1 {[%clk 00:34:25]} {[%emt 00:00:44]}
Rf6 {[%clk 00:18:16]} {[%emt 00:01:13]} 30. a3 {[%clk 00:32:37]} {[%emt
00:01:59]} a4 {[%clk 00:18:08]} {[%emt 00:00:19]} 31. Qb2 {[%clk 00:32:03]}
{[%emt 00:00:43]} Ng6 {[%clk 00:17:26]} {[%emt 00:00:52]} 32. Qc1 {[%clk
00:31:17]} {[%emt 00:00:55]} Nxe5 {[%clk 00:16:46]} {[%emt 00:00:52]} 33. dxe5
{[%clk 00:31:04]} {[%emt 00:00:21]} Rg6 {[%clk 00:15:58]} {[%emt 00:00:57]} 34.
g4 {[%clk 00:30:42]} {[%emt 00:00:34]} f4 {[%clk 00:15:12]} {[%emt 00:00:56]}
35. Bxg6 {[%clk 00:30:30]} {[%emt 00:00:22]} hxg6 {[%clk 00:15:12]} {[%emt
00:00:10]} 36. Qb1 {[%clk 00:30:26]} {[%emt 00:00:14]} g5 {[%clk 00:14:51]}
{[%emt 00:00:31]} 37. Rh1 {[%clk 00:29:49]} {[%emt 00:00:47]} Ne3 {[%clk
00:14:39]} {[%emt 00:00:22]} 38. Kg1 {[%clk 00:28:28]} {[%emt 00:01:31]} Bxf3
{[%clk 00:14:22]} {[%emt 00:00:27]} 39. Rh2 {[%clk 00:28:16]} {[%emt 00:00:21]}
Qxc5 {[%clk 00:13:56]} {[%emt 00:00:37]} 40. Rf2 {[%clk 00:27:11]} {[%emt
00:01:14]} Bc6 {[%clk 00:09:24]} {[%emt 00:04:43]} 41. Qg6 {[%clk 00:26:08]}
{[%emt 00:01:13]} Rf8 {[%clk 00:07:55]} {[%emt 00:01:38]} 42. Nf7+ {[%clk
00:25:22]} {[%emt 00:00:57]} Rxf7 {[%clk 00:07:47]} {[%emt 00:00:17]} 43. Qxf7
{[%clk 00:25:04]} {[%emt 00:00:28]} Qd5 {[%clk 00:07:48]} {[%emt 00:00:10]} 44.
Rh2 {[%clk 00:24:27]} {[%emt 00:00:46]} Qd4 {[%clk 00:06:28]} {[%emt 00:01:31]}
45. Rf2 {[%clk 00:23:02]} {[%emt 00:01:36]} Qe4 {[%clk 00:06:34]} {[%emt
00:00:04]} 46. Rh2 {[%clk 00:22:31]} {[%emt 00:00:40]} Qd4 {[%clk 00:06:13]}
{[%emt 00:00:31]} 47. Rf2 {[%clk 00:22:18]} {[%emt 00:00:24]} Nd1 {[%clk
00:05:33]} {[%emt 00:00:50]} 48. Rxd1 {[%clk 00:20:07]} {[%emt 00:02:20]} Qxd1+
{[%clk 00:05:39]} {[%emt 00:00:05]} 49. Rf1 {[%clk 00:19:56]} {[%emt 00:00:21]}
Qd5 {[%clk 00:05:40]} {[%emt 00:00:08]} 50. Kf2 {[%clk 00:19:17]} {[%emt
00:00:49]} Qd2+ {[%clk 00:05:37]} {[%emt 00:00:13]} 0-1

[Event "PK Jeugd 2020 C-Open"]
[Site "Eindhoven, Netherlands"]
[Date "????.??.??"]
[Round "1.2"]
[White "Bötticher, Donald"]
[Black "Kurt, Sascha"]
[Result "0-1"]
[WhiteElo "1076"]
[BlackElo "948"]

1. e4 {[%clk 00:55:10]} e5 {[%clk 00:55:10]} 2. Nf3 {[%clk 00:55:10]} Nc6
{[%clk 00:55:10]} 3. Bb5 {[%clk 00:55:10]} a6 {[%clk 00:55:10]} 4. Bc4 {[%clk
00:55:10]} Nf6 {[%clk 00:55:10]} 5. Nc3 {[%clk 00:55:10]} Nxe4 {[%clk
00:55:10]} 6. Nxe4 {[%clk 00:55:10]} d5 {[%clk 00:55:10]} 7. Bxd5 {[%clk
00:55:10]} Qxd5 {[%clk 00:55:10]} 8. Nc3 {[%clk 00:55:10]} Qd8 {[%clk
00:55:10]} 9. O-O {[%clk 00:55:10]} Bd6 {[%clk 00:55:10]} 10. Re1 {[%clk
00:55:10]} O-O {[%clk 00:55:10]} 11. d4 {[%clk 00:55:10]} exd4 {[%clk
00:55:10]} 12. Nxd4 {[%clk 00:55:10]} Nxd4 {[%clk 00:55:10]} 13. Qxd4 {[%clk
00:55:10]} Bxh2+ {[%clk 00:55:10]} 14. Kxh2 {[%clk 00:55:10]} Qxd4 {[%clk
00:55:10]} 15. Be3 {[%clk 00:55:10]} Qf6 {[%clk 00:55:10]} 16. Kg1 {[%clk
00:55:10]} Be6 {[%clk 00:55:10]} 17. Rab1 {[%clk 00:55:10]} Qg6 {[%clk
00:55:10]} 18. Re2 {[%clk 00:55:10]} Bc4 {[%clk 00:55:10]} 19. Rd2 {[%clk
00:55:10]} Rad8 {[%clk 00:55:10]} 20. Rbd1 {[%clk 00:55:10]} Rxd2 {[%clk
00:55:10]} 21. Rxd2 {[%clk 00:55:10]} c6 {[%clk 00:55:10]} 22. b3 {[%clk
00:55:10]} Bd5 {[%clk 00:55:10]} 23. Bc5 {[%clk 00:55:10]} 0-1

[Event "PK Jeugd 2020 C-Open"]
[Site "Eindhoven, Netherlands"]
[Date "????.??.??"]
[Round "1.3"]
[White "Ponomarev, Ivan"]
[Black "van Warmerdam, Valentijn"]
[Result "0-1"]
[WhiteElo "1617"]
[BlackElo "1693"]

1. e4 {[%clk 00:55:10]} e5 {[%clk 00:55:10]} 2. Nf3 {[%clk 00:55:10]} Nc6
{[%clk 00:55:10]} 3. d4 {[%clk 00:55:10]} exd4 {[%clk 00:55:10]} 4. Nxd4 {[%clk
00:55:10]} Bc5 {[%clk 00:55:10]} 5. Be3 {[%clk 00:55:10]} Qf6 {[%clk 00:55:10]}
6. c3 {[%clk 00:55:10]} Nge7 {[%clk 00:55:10]} 7. Bc4 {[%clk 00:55:10]} Ne5
{[%clk 00:55:10]} 8. Be2 {[%clk 00:55:10]} Qg6 {[%clk 00:55:10]} 9. Bf3 {[%clk
00:55:10]} Nc4 {[%clk 00:55:10]} 10. Nd2 {[%clk 00:55:10]} Nxe3 {[%clk
00:55:10]} 11. fxe3 {[%clk 00:55:10]} O-O {[%clk 00:55:10]} 12. O-O {[%clk
00:55:10]} d6 {[%clk 00:55:10]} 13. Qe2 {[%clk 00:55:10]} Bd7 {[%clk 00:55:10]}
14. Rf2 {[%clk 00:55:10]} Nc6 {[%clk 00:55:10]} 15. Raf1 {[%clk 00:55:10]} Ne5
{[%clk 00:55:10]} 16. b4 {[%clk 00:55:10]} Bb6 {[%clk 00:55:10]} 17. Nc4 {[%clk
00:55:10]} Bxd4 {[%clk 00:55:10]} 18. exd4 {[%clk 00:55:10]} Nxf3+ {[%clk
00:55:10]} 19. Rxf3 {[%clk 00:55:10]} Bg4 {[%clk 00:55:10]} 20. Ne3 {[%clk
00:55:10]} Bxf3 {[%clk 00:55:10]} 21. Qxf3 {[%clk 00:55:10]} f6 {[%clk
00:55:10]} 22. Nd5 {[%clk 00:55:10]} Qf7 {[%clk 00:55:10]} 23. a4 {[%clk
00:55:10]} c6 {[%clk 00:55:10]} 24. Ne3 {[%clk 00:55:10]} Kh8 {[%clk 00:55:10]}
25. Nf5 {[%clk 00:55:10]} Rad8 {[%clk 00:55:10]} 26. Qg3 {[%clk 00:55:10]} Qg6
{[%clk 00:55:10]} 27. Qf4 {[%clk 00:55:10]} Qg5 {[%clk 00:55:10]} 28. Qf3
{[%clk 00:55:10]} d5 {[%clk 00:55:10]} 29. exd5 {[%clk 00:55:10]} Rxd5 {[%clk
00:55:10]} 30. h4 {[%clk 00:55:10]} Qd2 {[%clk 00:55:10]} 31. Qg3 {[%clk
00:55:10]} g6 {[%clk 00:55:10]} 32. Ne3 {[%clk 00:55:10]} Qxc3 {[%clk
00:55:10]} 33. Nxd5 {[%clk 00:55:10]} Qxg3 {[%clk 00:55:10]} 0-1

[Event "PK Jeugd 2020 C-Open"]
[Site "Eindhoven, Netherlands"]
[Date "????.??.??"]
[Round "1.4"]
[White "Kazarjan, Gachatur"]
[Black "Zhang, Eric"]
[Result "1-0"]
[WhiteElo "1600"]
[BlackElo "587"]

1. e4 {[%emt 00:44:38]} e5 {[%emt 00:00:06]} 2. Nf3 {[%emt 00:00:04]} Nc6
{[%emt 00:00:09]} 3. d4 {[%emt 00:00:09]} exd4 {[%emt 00:00:35]} 4. Nxd4 {[%emt
00:00:09]} Nxd4 {[%emt 00:00:08]} 5. Qxd4 {[%emt 00:00:07]} Nf6 {[%emt
00:00:45]} 6. e5 {[%emt 00:00:21]} Qe7 {[%emt 00:00:09]} 7. Be2 {[%emt
00:00:05]} c5 {[%emt 00:00:55]} 8. exf6 {[%emt 00:00:24]} Qxe2+ {[%emt
00:00:27]} 9. Kxe2 {[%emt 00:00:26]} cxd4 {[%emt 00:00:13]} 10. Re1 {[%emt
00:00:06]} gxf6 {[%emt 00:00:28]} 11. Kf1+ {[%emt 00:00:18]} Be7 {[%emt
00:00:24]} 12. Bd2 {[%emt 00:00:08]} d6 {[%emt 00:00:30]} 13. c3 {[%emt
00:00:14]} dxc3 {[%emt 00:00:23]} 14. Nxc3 {[%emt 00:00:09]} Rg8 {[%emt
00:00:41]} 15. Nd5 {[%emt 00:00:11]} Be6 {[%emt 00:00:22]} 16. Nc7+ {[%emt
00:00:27]} Kd7 {[%emt 00:00:54]} 17. Nxa8 {[%emt 00:00:18]} Rxa8 {[%emt
00:00:10]} 18. Rac1 {[%emt 00:00:12]} Rg8 {[%emt 00:00:24]} 19. Re3 {[%emt
00:00:18]} Bd5 {[%emt 00:00:47]} 20. f3 {[%emt 00:00:14]} f5 {[%emt 00:01:13]}
21. Rec3 {[%emt 00:00:19]} Bxa2 {[%emt 00:01:21]} 22. Rc7+ {[%emt 00:00:06]}
Ke6 {[%emt 00:00:50]} 23. Re1+ {[%emt 00:00:09]} Kf6 {[%emt 00:00:09]} 24.
Rexe7 {[%emt 00:01:23]} Kg7 {[%emt 00:00:59]} 25. Rxb7 {[%emt 00:00:27]} a6
{[%emt 00:01:02]} 26. b3 {[%emt 00:00:07]} Rc8 {[%emt 00:00:39]} 27. Rxf7+
{[%emt 00:00:10]} Kg6 {[%emt 00:01:28]} 28. Rfd7 {[%emt 00:00:26]} Rc2 {[%emt
00:01:27]} 29. Rxd6+ {[%emt 00:00:10]} Kh5 {[%emt 00:00:52]} 30. Rh6# {[%emt
00:00:06]} 1-0

[Event "PK Jeugd 2020 C-Open"]
[Site "Eindhoven, Netherlands"]
[Date "????.??.??"]
[Round "2.1"]
[White "Prevoo, Joshua"]
[Black "Zhang, Eric"]
[Result "1-0"]
[WhiteElo "1233"]
[BlackElo "587"]

1. e4 {[%clk 00:55:19]} {[%emt 00:00:02]} e5 {[%clk 00:55:13]} {[%emt
00:00:07]} 2. Nf3 {[%clk 00:55:22]} {[%emt 00:00:06]} Nc6 {[%clk 00:55:17]}
{[%emt 00:00:07]} 3. d4 {[%clk 00:55:28]} {[%emt 00:00:04]} f6 {[%clk
00:54:50]} {[%emt 00:00:37]} 4. Nc3 {[%clk 00:55:23]} {[%emt 00:00:15]} Bb4
{[%clk 00:54:25]} {[%emt 00:00:35]} 5. Bb5 {[%clk 00:55:13]} {[%emt 00:00:19]}
Bxc3+ {[%clk 00:53:50]} {[%emt 00:00:45]} 6. bxc3 {[%clk 00:55:18]} {[%emt
00:00:06]} Qe7 {[%clk 00:53:04]} {[%emt 00:00:57]} 7. d5 {[%clk 00:54:44]}
{[%emt 00:00:43]} a6 {[%clk 00:52:25]} {[%emt 00:00:49]} 8. dxc6 {[%clk
00:54:06]} {[%emt 00:00:48]} axb5 {[%clk 00:51:48]} {[%emt 00:00:21]} 9. cxd7+
{[%clk 00:54:06]} {[%emt 00:00:37]} Bxd7 {[%clk 00:51:27]} {[%emt 00:00:19]} 10.
O-O {[%clk 00:54:03]} {[%emt 00:00:26]} Bc6 {[%clk 00:50:52]} {[%emt 00:00:46]}
11. Re1 {[%clk 00:53:55]} {[%emt 00:00:15]} Ra4 {[%clk 00:50:26]} {[%emt
00:00:37]} 12. Qd3 {[%clk 00:53:00]} {[%emt 00:01:05]} b4 {[%clk 00:48:08]}
{[%emt 00:02:28]} 13. cxb4 {[%clk 00:52:30]} {[%emt 00:00:40]} Rxb4 {[%clk
00:47:48]} {[%emt 00:00:29]} 14. Ba3 {[%clk 00:52:28]} {[%emt 00:00:13]} Bb5
{[%clk 00:47:29]} {[%emt 00:00:29]} 15. Bxb4 {[%clk 00:51:49]} {[%emt
00:00:49]} Qxb4 {[%clk 00:47:18]} {[%emt 00:00:21]} 16. Qb3 {[%clk 00:51:20]}
{[%emt 00:00:38]} Qxb3 {[%clk 00:46:42]} {[%emt 00:00:47]} 17. axb3 {[%clk
00:51:23]} {[%emt 00:00:07]} Bd7 {[%clk 00:44:41]} {[%emt 00:02:11]} 18. Ra8+
{[%clk 00:50:56]} {[%emt 00:00:38]} Kf7 {[%clk 00:44:22]} {[%emt 00:00:16]} 19.
Rd1 {[%clk 00:50:57]} {[%emt 00:00:21]} Bg4 {[%clk 00:44:12]} {[%emt 00:00:21]}
20. h3 {[%clk 00:50:36]} {[%emt 00:00:31]} Bxf3 {[%clk 00:44:04]} {[%emt
00:00:17]} 21. gxf3 {[%clk 00:50:42]} {[%emt 00:00:05]} h5 {[%clk 00:42:30]}
{[%emt 00:01:43]} 22. Rdd8 {[%clk 00:50:34]} {[%emt 00:00:18]} b5 {[%clk
00:40:57]} {[%emt 00:01:44]} 23. Rf8+ {[%clk 00:50:33]} {[%emt 00:00:09]} Kg6
{[%clk 00:40:39]} {[%emt 00:00:29]} 24. Rxg8 {[%clk 00:50:31]} {[%emt
00:00:12]} Rxg8 {[%clk 00:40:38]} {[%emt 00:00:11]} 25. Rxg8 {[%clk 00:50:37]}
{[%emt 00:00:04]} Kh7 {[%clk 00:39:56]} {[%emt 00:00:52]} 26. Rc8 {[%clk
00:50:42]} {[%emt 00:00:05]} Kg6 {[%clk 00:39:12]} {[%emt 00:00:55]} 27. Rxc7
{[%clk 00:50:48]} {[%emt 00:00:04]} Kh7 {[%clk 00:38:47]} {[%emt 00:00:34]} 28.
Rb7 {[%clk 00:50:54]} {[%emt 00:00:05]} Kg6 {[%clk 00:37:54]} {[%emt 00:01:04]}
29. Rxb5 {[%clk 00:50:59]} {[%emt 00:00:05]} Kh7 {[%clk 00:35:57]} {[%emt
00:02:08]} 30. Rb8 {[%clk 00:51:04]} {[%emt 00:00:04]} Kg6 {[%clk 00:29:53]}
{[%emt 00:06:14]} 31. b4 {[%clk 00:51:04]} {[%emt 00:00:10]} Kg5 {[%clk
00:25:53]} {[%emt 00:04:08]} 32. b5 {[%clk 00:49:18]} {[%emt 00:01:58]} Kf4
{[%clk 00:25:38]} {[%emt 00:00:24]} 33. Kg2 {[%clk 00:49:21]} {[%emt 00:00:07]}
g5 {[%clk 00:22:56]} {[%emt 00:02:53]} 34. Rf8 {[%clk 00:49:13]} {[%emt
00:00:13]} h4 {[%clk 00:22:23]} {[%emt 00:00:48]} 35. Rxf6# {[%emt 00:00:23]}
1-0

[Event "PK Jeugd 2020 C-Open"]
[Site "Eindhoven, Netherlands"]
[Date "????.??.??"]
[Round "2.2"]
[White "van Warmerdam, Valentijn"]
[Black "Kazarjan, Gachatur"]
[Result "1/2-1/2"]
[WhiteElo "1693"]
[BlackElo "1600"]

1. e4 {[%clk 00:55:18]} c5 {[%clk 00:55:19]} {[%emt 00:00:02]} 2. Nf3 {[%clk
00:55:22]} {[%emt 00:00:06]} Nc6 {[%clk 00:55:25]} {[%emt 00:00:05]} 3. d4
{[%clk 00:55:27]} {[%emt 00:00:05]} cxd4 {[%clk 00:55:26]} {[%emt 00:00:09]} 4.
Nxd4 {[%clk 00:55:22]} {[%emt 00:00:14]} d6 {[%clk 00:55:35]} {[%emt 00:00:02]}
5. Nc3 {[%clk 00:55:08]} {[%emt 00:00:24]} g6 {[%clk 00:55:37]} {[%emt
00:00:07]} 6. Be3 {[%clk 00:54:33]} {[%emt 00:00:45]} Bg7 {[%clk 00:55:41]}
{[%emt 00:00:06]} 7. Qd2 {[%clk 00:53:43]} {[%emt 00:01:01]} Nf6 {[%clk
00:55:23]} {[%emt 00:00:28]} 8. f3 {[%clk 00:53:39]} {[%emt 00:00:14]} O-O
{[%clk 00:55:25]} {[%emt 00:00:08]} 9. Bc4 {[%clk 00:52:51]} {[%emt 00:00:57]}
Bd7 {[%clk 00:54:56]} {[%emt 00:00:40]} 10. g4 {[%clk 00:52:02]} {[%emt
00:00:59]} Rc8 {[%clk 00:55:01]} {[%emt 00:00:05]} 11. Bb3 {[%clk 00:51:52]}
{[%emt 00:00:20]} a6 {[%clk 00:54:19]} {[%emt 00:00:52]} 12. h4 {[%clk
00:50:24]} {[%emt 00:01:37]} h5 {[%clk 00:53:54]} {[%emt 00:00:36]} 13. gxh5
{[%clk 00:49:54]} {[%emt 00:00:39]} Nxh5 {[%clk 00:53:57]} {[%emt 00:00:08]} 14.
O-O-O {[%clk 00:46:17]} {[%emt 00:03:47]} Ne5 {[%clk 00:53:41]} {[%emt
00:00:25]} 15. Bh6 {[%clk 00:28:20]} {[%emt 00:18:07]} Nc4 {[%clk 00:52:56]}
{[%emt 00:00:56]} 16. Bxc4 {[%clk 00:24:55]} {[%emt 00:03:35]} Rxc4 {[%clk
00:52:48]} {[%emt 00:00:18]} 17. Bxg7 {[%clk 00:24:28]} {[%emt 00:00:36]} Kxg7
{[%clk 00:52:50]} {[%emt 00:00:09]} 18. Nf5+ {[%clk 00:05:05]} {[%emt
00:19:32]} Bxf5 {[%clk 00:52:05]} {[%emt 00:00:55]} 19. exf5 {[%clk 00:05:14]}
{[%emt 00:00:02]} Qa5 {[%clk 00:49:51]} {[%emt 00:02:24]} 20. fxg6 {[%clk
00:04:01]} {[%emt 00:01:22]} fxg6 {[%clk 00:49:25]} {[%emt 00:00:37]} 21. Rhg1
{[%clk 00:01:59]} {[%emt 00:02:12]} Qf5 {[%clk 00:46:50]} {[%emt 00:02:45]} 22.
Qe2 {[%clk 00:01:31]} {[%emt 00:00:37]} Qf4+ {[%clk 00:43:48]} {[%emt
00:03:13]} 23. Kb1 {[%clk 00:01:41]} Nf6 {[%clk 00:41:34]} {[%emt 00:02:24]} 24.
Qxe7+ {[%clk 00:01:25]} {[%emt 00:00:25]} Rf7 {[%clk 00:41:39]} {[%emt
00:00:06]} 25. Qxd6 {[%clk 00:01:14]} {[%emt 00:00:21]} Qxd6 {[%clk 00:40:56]}
{[%emt 00:00:52]} 26. Rxd6 {[%clk 00:01:21]} {[%emt 00:00:03]} Rxh4 {[%clk
00:40:58]} {[%emt 00:00:08]} 27. Ne4 {[%clk 00:01:10]} {[%emt 00:00:22]} Nxe4
{[%clk 00:39:58]} {[%emt 00:01:10]} 28. Rdxg6+ {[%clk 00:01:11]} {[%emt
00:00:09]} Kf8 {[%clk 00:39:22]} {[%emt 00:00:46]} 29. fxe4 {[%clk 00:01:20]}
{[%emt 00:00:01]} Rxe4 {[%clk 00:39:19]} {[%emt 00:00:12]} 30. b3 {[%clk
00:01:26]} {[%emt 00:00:04]} Re2 {[%clk 00:39:17]} {[%emt 00:00:12]} 31. R1g2
{[%clk 00:01:25]} {[%emt 00:00:11]} Re5 {[%clk 00:39:15]} {[%emt 00:00:12]} 32.
Kb2 {[%clk 00:01:27]} {[%emt 00:00:09]} Ke8 {[%clk 00:38:58]} {[%emt 00:00:26]}
33. Rg8+ {[%clk 00:01:23]} {[%emt 00:00:14]} Kd7 {[%clk 00:38:51]} {[%emt
00:00:17]} 34. R8g7 {[%clk 00:01:31]} {[%emt 00:00:02]} Rxg7 {[%clk 00:38:52]}
{[%emt 00:00:09]} 35. Rxg7+ {[%clk 00:01:39]} {[%emt 00:00:02]} Kc6 {[%clk
00:38:33]} {[%emt 00:00:29]} 36. a3 {[%clk 00:01:42]} {[%emt 00:00:07]} Rd5
{[%clk 00:38:30]} {[%emt 00:00:13]} 37. Rg4 {[%clk 00:01:45]} {[%emt 00:00:06]}
b5 {[%clk 00:37:15]} {[%emt 00:01:26]} 38. Rg6+ {[%clk 00:01:45]} {[%emt
00:00:10]} Kb7 {[%clk 00:35:52]} {[%emt 00:01:33]} 39. Re6 {[%clk 00:01:42]}
{[%emt 00:00:13]} Rc5 {[%clk 00:35:32]} {[%emt 00:00:29]} 40. c3 {[%clk
00:01:38]} {[%emt 00:00:14]} Rh5 {[%clk 00:35:26]} {[%emt 00:00:16]} 41. b4
{[%clk 00:01:19]} {[%emt 00:00:29]} Rh2+ {[%clk 00:35:20]} {[%emt 00:00:15]} 42.
Kb3 {[%clk 00:01:28]} {[%emt 00:00:01]} Rh3 {[%emt 00:00:26]} 1/2-1/2

[Event "PK Jeugd 2020 C-Open"]
[Site "Eindhoven, Netherlands"]
[Date "????.??.??"]
[Round "2.3"]
[White "Kurt, Sascha"]
[Black "Ponomarev, Ivan"]
[Result "0-1"]
[WhiteElo "948"]
[BlackElo "1617"]

1. e4 {[%clk 00:55:18]} {[%emt 00:00:02]} c5 {[%clk 00:55:18]} {[%emt
00:00:03]} 2. Nf3 {[%clk 00:55:13]} {[%emt 00:00:14]} e6 {[%clk 00:55:26]}
{[%emt 00:00:02]} 3. d4 {[%clk 00:55:18]} {[%emt 00:00:05]} cxd4 {[%clk
00:55:32]} {[%emt 00:00:04]} 4. Nxd4 {[%clk 00:55:22]} {[%emt 00:00:06]} Nf6
{[%clk 00:55:38]} {[%emt 00:00:05]} 5. Nc3 {[%clk 00:55:26]} {[%emt 00:00:06]}
Nc6 {[%clk 00:55:33]} {[%emt 00:00:16]} 6. Nxc6 {[%clk 00:55:30]} {[%emt
00:00:05]} bxc6 {[%clk 00:55:35]} {[%emt 00:00:07]} 7. e5 {[%clk 00:55:37]}
{[%emt 00:00:04]} Nd5 {[%clk 00:53:22]} {[%emt 00:02:23]} 8. Ne4 {[%clk
00:55:41]} {[%emt 00:00:05]} Qc7 {[%clk 00:50:15]} {[%emt 00:03:16]} 9. f4
{[%clk 00:55:37]} {[%emt 00:00:15]} Qb6 {[%clk 00:46:41]} {[%emt 00:03:44]} 10.
c4 {[%clk 00:55:34]} {[%emt 00:00:12]} Bb4+ {[%clk 00:36:47]} {[%emt 00:10:05]}
11. Ke2 {[%clk 00:55:16]} {[%emt 00:00:27]} f5 {[%clk 00:24:24]} {[%emt
00:12:34]} 12. exf6 {[%clk 00:52:51]} {[%emt 00:02:35]} Nxf6 {[%clk 00:20:09]}
{[%emt 00:04:25]} 13. Be3 {[%clk 00:52:37]} {[%emt 00:00:24]} Qa5 {[%clk
00:16:24]} {[%emt 00:03:56]} 14. Nxf6+ {[%clk 00:50:52]} {[%emt 00:01:54]} gxf6
{[%clk 00:16:28]} {[%emt 00:00:06]} 15. Kf3 {[%clk 00:50:36]} {[%emt 00:00:26]}
Bc5 {[%clk 00:12:02]} {[%emt 00:04:36]} 16. Bd2 {[%clk 00:49:14]} {[%emt
00:01:33]} Bb4 {[%clk 00:08:18]} {[%emt 00:03:54]} 17. Be3 {[%clk 00:48:27]}
{[%emt 00:00:56]} Rg8 {[%clk 00:03:49]} {[%emt 00:04:38]} 18. h3 {[%clk
00:48:04]} {[%emt 00:00:34]} Bc5 {[%clk 00:02:42]} {[%emt 00:01:17]} 19. Bd2
{[%clk 00:47:55]} {[%emt 00:00:20]} Qb6 {[%clk 00:02:50]} {[%emt 00:00:02]} 20.
Bc3 {[%clk 00:47:11]} {[%emt 00:00:54]} Kf7 {[%clk 00:02:29]} {[%emt 00:00:31]}
21. Qd2 {[%clk 00:46:35]} {[%emt 00:00:46]} d5 {[%clk 00:01:38]} {[%emt
00:01:01]} 22. b4 {[%clk 00:46:13]} {[%emt 00:00:32]} Be7 {[%clk 00:01:33]}
{[%emt 00:00:15]} 23. c5 {[%clk 00:46:06]} {[%emt 00:00:17]} Qb8 {[%clk
00:01:13]} {[%emt 00:00:30]} 24. Re1 {[%clk 00:45:25]} {[%emt 00:00:51]} a5
{[%emt 00:00:45]} 25. Rb1 {[%clk 00:45:15]} Qa7 {[%clk 00:00:47]} {[%emt
00:00:20]} 26. a3 {[%clk 00:44:43]} {[%emt 00:00:43]} axb4 {[%clk 00:00:29]}
{[%emt 00:00:27]} 27. axb4 {[%clk 00:44:35]} {[%emt 00:00:18]} Qb8 {[%clk
00:00:21]} {[%emt 00:00:17]} 28. Bd3 {[%clk 00:44:06]} {[%emt 00:00:40]} e5
{[%clk 00:00:18]} {[%emt 00:00:14]} 29. fxe5 {[%clk 00:43:51]} {[%emt
00:00:25]} fxe5 {[%clk 00:00:25]} {[%emt 00:00:02]} 30. Kf2 {[%clk 00:42:58]}
{[%emt 00:01:03]} e4 {[%clk 00:00:23]} {[%emt 00:00:12]} 31. Be2 {[%clk
00:42:52]} {[%emt 00:00:16]} Qg3+ {[%clk 00:00:30]} {[%emt 00:00:03]} 32. Kf1
{[%clk 00:42:03]} {[%emt 00:01:00]} Qxg2+ {[%clk 00:00:24]} {[%emt 00:00:16]}
33. Ke1 {[%clk 00:42:01]} {[%emt 00:00:12]} Qxh1+ {[%clk 00:00:31]} {[%emt
00:00:02]} 34. Bf1 {[%emt 00:00:25]} Bh4+ {[%clk 00:00:31]} 35. Kd1 {[%clk
00:40:58]} {[%emt 00:01:07]} Qxf1+ {[%clk 00:00:30]} {[%emt 00:00:11]} 36. Kc2
{[%clk 00:41:01]} {[%emt 00:00:07]} Qd3+ {[%clk 00:00:23]} {[%emt 00:00:18]} 37.
Qxd3 {[%clk 00:40:56]} {[%emt 00:00:15]} exd3+ {[%clk 00:00:31]} {[%emt
00:00:01]} 38. Kb3 {[%clk 00:40:20]} {[%emt 00:00:46]} Ba6 {[%clk 00:00:25]}
{[%emt 00:00:16]} 39. Rf1+ {[%clk 00:40:10]} {[%emt 00:00:20]} Ke6 {[%clk
00:00:32]} {[%emt 00:00:02]} 40. Rf4 {[%clk 00:39:55]} {[%emt 00:00:25]} Bc4+
{[%clk 00:00:38]} {[%emt 00:00:05]} 41. Kb2 {[%clk 00:39:51]} {[%emt 00:00:14]}
Ra2+ {[%clk 00:00:45]} {[%emt 00:00:03]} 0-1